|
|
|
|
| LEADER |
00945nam a2200229 a 4500 |
| 008 |
090615s2001 mnu 000 0 eng d |
| 020 |
|
|
|a 8172248792
|
| 040 |
|
|
|a DLC
|c DLC
|
| 082 |
0 |
0 |
|a 658.4/02
|2 21
|
| 100 |
1 |
|
|a Montebello, Anthony R.
|
| 245 |
1 |
0 |
|a Work teams that work :
|b skills for managing across the organization /
|c Anthony R. Montebello.
|
| 260 |
|
|
|a Minneapolis, MN :
|b Best Sellers Publishing,
|c 1994.
|
| 300 |
|
|
|a 326 p. :
|b ill. ;
|c 25 cm.
|
| 504 |
|
|
|a Includes bibliographical references.
|
| 541 |
1 |
|
|e 00009535
|
| 650 |
|
0 |
|a Teams in the workplace.
|
| 650 |
|
0 |
|a Organizational effectiveness.
|
| 650 |
|
0 |
|a Management.
|
| 650 |
|
0 |
|a Quality circles.
|
| 852 |
4 |
|
|a Ayesha Abed Library
|j General Shelf.
|
| 999 |
|
|
|c 1879
|d 1879
|
| 952 |
|
|
|0 0
|1 0
|2 ddc
|4 0
|6 658_402000000000000_MON_2001
|7 0
|9 1722
|a BRACUL
|b BRACUL
|c GEN
|d 2009-06-29
|g 0.00
|l 1
|m 3
|o 658.402 MON
|p 3010009535
|r 2010-11-08
|s 2010-10-10
|t 1
|w 2009-06-29
|y BK
|x No price found in the accession register.
|